| 000 | 00763nam a2200217 a 4500 | ||
|---|---|---|---|
| 001 | 7635 | ||
| 003 | CO-ViMGA | ||
| 008 | 141112s2004 ck r 000 u spa d | ||
| 020 | _a8428327912 | ||
| 040 |
_aCO-ViMGA _bspa _cCO-ViMGA |
||
| 082 | 0 | 4 | _a647.95 I751c |
| 100 | 1 |
_aIsmail, Ahmed _97054 |
|
| 245 | 1 | 0 |
_aCongresos y Catering : _bOrganización y ventas |
| 260 |
_aMadríd (E), _cParaninfo, _c1999 |
||
| 300 | _a259.p. | ||
| 505 | _aEl mundo del Catering El mercado Precios y beneficio Planificación del evento La planificación del menú Establecer el contacto Cerrando la venta Gestionando el acontecimiento | ||
| 650 | 1 | 4 |
_aADMINISTRACION - HOTELERA _97055 |
| 650 | 1 | 4 |
_aCOMIDAS - BANQUETES _97056 |
| 650 | 1 | 4 |
_aEVENTOS - SOCIALES _97057 |
| 942 |
_2ddc _cBK |
||
| 999 |
_c19579 _d19579 |
||